Dictionary of Insurance and finance terms

Bibliographic Details
Main Author: Clark, John
Format: Book
Published: Kuala Lumpur : Golden Books Centre Sdn.Bhd , 2000
Subjects:

MARC

LEADER 00000cam a2200000 7i4500
001 0000016529
005 20080425.0
008 250408
020 |a 9837204257 
090 0 0 |a 413   |b CLA 
100 1 |a Clark, John 
245 1 0 |a Dictionary of Insurance and finance terms   |c By John Clark 
260 |a Kuala Lumpur :   |b Golden Books Centre Sdn.Bhd ,   |c 2000 
650 0 |a Insurance & Finance terms   |x Dictionaries 
999 |a 0001012591   |b Book   |c REFERENCE   |e Perbadanan Perpustakaan Awam Johor 
999 |a 0001012592   |b Book   |c REFERENCE   |e Perbadanan Perpustakaan Awam Johor